Türk dış politikası çalışmaları (Record no. 1947)

MARC details
000 -BAŞLIK
Sabit Uzunlukta Kontrol Alanı 01211na a2200325 4500
001 - KONTROL NUMARASI
Denetim Alanı 23046
003 - KONTROL NUMARASI IDENTIFIER
Denetim Alanı MIRAKIL
005 - SON İŞLEM TARİHİ VE ZAMANI
Denetim Alanı 20181213154840.0
008 - SABİT-BOY VERİ ELEMANLARI - GENEL BİLGİLER
Sabit Uzunlukta Kontrol Alanı 170515b tu 000 0
020 ## - ULUSLARARASI STANDART KİTAP NUMARASI
Uluslararası Standart Kitap Numarası 9786053992356
035 ## - SİSTEM KONTROL NUMARASI
Sistem Kontrol Numarası 23046
040 ## - KATALOGLAMA KAYNAK
Orijinal Kataloglama Ajansı Milas
Kataloglama Dili tur
Metne Dönüştürmek Ajansı TR-AnCHP
041 ## - DİL KODU
Metin / Ses Parça Veya Ayrı Başlığın Dil Kodu tur
082 ## - DEWEY ONLU SINIFLANDIRMA NUMARASI
Sınıflandırma Numarası 327.1
Ürün Numarası T96 2007
090 ## - SINIFLAMA NUMARASI
Sınıflama Numarası 327.1 T96 2007
245 ## - BAŞLIK TABLOSU
Başlık Türk dış politikası çalışmaları
Başlığın Kalan Cumhuriyet dönemi için ulusal rehber
-- arşivler, resmi ve yarı resmi yayınlar, süreli yayınlar, anılar ve yaşamöyküleri
Sorumluluk Tablosu, Vb derleyen Engin Berber
246 ## - UNVAN FORM VARYING
Başlık Doğru / Kısa Başlığı Cumhuriyet dönemi için ulusal rehber
260 ## - YAYIN, DAĞITIM, VB
Yayın, Dağıtım, Vb Yeri İstanbul
Yayıncı, Dağıtıcı, Vs Adı İstanbul Bilgi Üniversitesi Yayınları
Yayın, Dağıtım, Vb Tarihi 2007
300 ## - FİZİKSEL TANIM
Kapsam xi, 211 s.
Diğer Fiziksel Ayrıntıları fotg.
Boyutlar 19 sm.
440 ## - SERİSİ TABLOSU / KATMA GİRİŞİ - BAŞLIK
Başlık İstanbul Bilgi Üniversitesi yayınları
Bir İşin Parçası / Bölüm Sayısı 170
490 ## - SERİSİ TABLOSU
Seri Beyanı İstanbul Bilgi Üniversitesi yayınları
Hacim / Ardışık Tanımı 170
490 ## - SERİSİ TABLOSU
Seri Beyanı Dün-bugün
Hacim / Ardışık Tanımı 170
504 ## - KAYNAKÇA VB NOT
Kaynakça Vb Notu Kaynakça ve dizin var.
650 ## - KONU KATMA GİRİŞ - TOPİKAL DÖNEM
Topikal Süreli Veya Coğrafi Ad Giriş Elemanı Dış politika
Genel Alt Bölümü Bibliyografyalar
Coğrafi Alt Bölümü Türkiye
650 ## - KONU KATMA GİRİŞ - TOPİKAL DÖNEM
Topikal Süreli Veya Coğrafi Ad Giriş Elemanı Siyaset ve yönetim
Genel Alt Bölümü Kaynaklar
Coğrafi Alt Bölümü Türkiye
651 ## - KONU KATMA GİRİŞ - COĞRAFİ ADI
Coğrafi İsim Türkiye
Genel Alt Bölümü Dış politika
Kronolojik Alt Bölümü Kaynaklar
-- Tarih
700 ## - KATMA GİRİŞ - KİŞİSEL İSİM
Kişisel Ad Berber, Engin
740 ## - KATMA GİRİŞ - KONTROLSUZ İLGİLİ / ANALİTİK BAŞLIK
Kontrol Edilmeyen / İlgili Analitik Başlıktaki Cumhuriyet dönemi için ulusal rehber
942 ## - EKLENDİ GİRİŞ ELEMANLARI (KOHA)
Sınıflandırma Veya Raf Düzeni Kaynak Dewey Decimal Classification
Koha Öğesi Türü Books
999 ## - SİSTEM KONTROL NUMARALARI (KOHA)
Koha Biblionumber 1947
Koha Biblioitemnumber 1947
Holdings
Kalıcı Konum Mevcut Konum Edinme Tarihi Edinim Kaynak Toplam Check-Out'Lar Tam Çağrı Numarası Barkod Tarih Son Görülme İtibaren Geçerli Fiyatlar Koha Öğesi Türü
CHP Kütüphanesi CHP Kütüphanesi 05/15/2017 Bağış   327.1 T96 2007 017009 05/15/2017 05/15/2017 Books